| 000 | 02003nam0a2200385 4500 | ||
|---|---|---|---|
| 001 | RU\NLR\BIBL_A\011895988 | ||
| 005 | 20190118114144.0 | ||
| 010 | _a978-5-16-014578-5 | ||
| 010 |
_a978-5-16-107076-5 _9500 |
||
| 021 |
_aRU _bКН-П-18-088442 _9КН-П-18-6420 |
||
| 035 | _a(NLR Aleph) 011895988 | ||
| 035 | _a(RuMoRGB)009814533 | ||
| 090 |
_a10858008 _c10858008 |
||
| 100 | _a20181219d2019 u y0rusy50 ca | ||
| 101 | 0 | _arus | |
| 102 | _aRU | ||
| 105 | _aa j 000zy | ||
| 200 | 1 |
_aЭкономика _eучебник _eдля студентов высших учебных заведений, обучающихся по направлениям подготовки 38.03.01 "Экономика", 38.03.02 "Менеджмент", 38.03.04 "Государственное и муниципальное управление" (квалификация (степень) "бакалавр") _fС. У. Нуралиев, Д. С. Нуралиева |
|
| 205 | _a2-е изд., испр. и доп. | ||
| 210 |
_aМосква _cИНФРА-М _d2019 [т. е. 2018] |
||
| 215 |
_a361, [1] с. _cил., табл. _d22 |
||
| 225 | 1 | _aВысшее образование - Бакалавриат | |
| 225 | 1 | _aБакалавриат | |
| 300 | _aНа 4-й с. обл. авт.: Нуралиев С. У., д.э.н., проф., Нуралиева Д. С., к.э.н. | ||
| 300 | _aКн. фактически изд. в 2018 г. | ||
| 320 | _aБиблиогр.: с. 354-356 (48 назв.) | ||
| 606 | 1 |
_aЭкономика _jУчебные издания для высших учебных заведений _2nlr_sh1 _2nlr_sh2 _3RU\NLR\AUTH\66284709 |
|
| 686 | 1 | _aУ.я73 | |
| 700 | 1 |
_aНуралиев _bС. У. _gСражудин Урцмиевич _3RU\NLR\AUTH\77111663 |
|
| 701 | 1 |
_aНуралиева _bД. С. _gДиана Сиражудиновна |
|
| 942 | _cBOOK | ||
| 980 | _aNBR | ||
| 980 | _aNB | ||